[Event "Mecklenburg VP-ch U18"]
[Site "Greifswald"]
[Date "2003.02.16"]
[Round "7"]
[White "Steinke, Peter"]
[Black "Koepke, Alexander"]
[Result "1/2-1/2"]
[WhiteElo "892"]
[BlackElo "1133"]
[PlyCount "42"]
[EventDate "2003.02.??"]
[EventType "swiss"]
[EventRounds "7"]
[EventCountry "GER"]
[SourceTitle "EXT 2005"]
[Source "ChessBase"]
[SourceDate "2004.11.15"]
[SourceVersion "1"]
[SourceVersionDate "2004.11.15"]
[SourceQuality "1"]

1. d4 c6 2. Nf3 d5 3. e3 Bf5 4. Nbd2 Bg4 5. Be2 e6 6. b3 Bb4 7. 0-0 Nf6 8. Bb2 0-0 9. c3 Bd6 10. c4 Nbd7 11. Qc2 Bxf3 12. Bxf3 Rc8 13. e4 dxe4 14. Nxe4 Bb8 15. Rfd1 g6 16. Ba3 Re8 17. Qc3 Kg7 18. Nd6 Bxd6 19. Bxd6 Nf8 20. c5 Qd7 21. h3 h6 1/2-1/2

[Event "Mecklenburg VP-ch U18"]
[Site "Greifswald"]
[Date "2003.02.14"]
[Round "3"]
[White "Koepke, Alexander"]
[Black "Holst, Sebastian"]
[Result "1/2-1/2"]
[WhiteElo "1133"]
[BlackElo "1020"]
[PlyCount "74"]
[EventDate "2003.02.??"]
[EventType "swiss"]
[EventRounds "7"]
[EventCountry "GER"]
[SourceTitle "EXT 2005"]
[Source "ChessBase"]
[SourceDate "2004.11.15"]
[SourceVersion "1"]
[SourceVersionDate "2004.11.15"]
[SourceQuality "1"]

1. c4 d6 2. Nc3 Nc6 3. Nf3 g6 4. e3 Bg7 5. d4 Nf6 6. Be2 0-0 7. 0-0 Re8 8. b3 e5 9. d5 Ne7 10. e4 c6 11. dxc6 Nxc6 12. Ba3 Nd4 13. Rc1 a6 14. Bb2 Rb8 15. a4 Qb6 16. Nxd4 Qxd4 17. Bf3 Qb6 18. Ba3 Re6 19. Nd5 Nxd5 20. Qxd5 Bf8 21. b4 Bd7 22. c5 dxc5 23. bxc5 Qa5 24. Qxd7 b6 25. Qc7 Rbe8 26. Bg4 Rf6 27. Rfd1 Qxa4 28. Bd7 Qxa3 29. Bxe8 Bxc5 30. Rc2 Qb3 31. Rcd2 Rxf2 32. Qxc5 bxc5 33. Kxf2 a5 34. Bc6 a4 35. g4 Qb6 36. Bxa4 c4+ 37. Kf3 Qf6+ 1/2-1/2